000 00472nam a2200181Ia 4500
001 16746
005 20260306170333.0
008 260306t2008||||xx |||||||||||||| ||und||
041 _aESP
082 _a349.75
_bR62
100 _aRincón-Pérez, Tomás
_eAUT
245 0 _aEl matrimonio cristiano:
_bsacramento de la creación y de la redención
260 _c2008
300 _a463 páginas :
_c24 cm.
650 _aGEN
654 _aCHU
942 _cLIB
_dJUS
_fJUS
_2ddc
_n
999 _c16746
_d16746